[Event "Mecklenburg VP-ch U10"]
[Site "Malchow"]
[Date "2019.02.05"]
[Round "6.1"]
[White "Brandt, Mattis"]
[Black "Wellssow, Lio Keanu"]
[Result "1-0"]
[WhiteElo "1142"]
[BlackElo "1068"]
[PlyCount "33"]
[EventDate "2019.02.02"]
[EventType "swiss"]
[EventRounds "7"]
[EventCountry "GER"]
[SourceTitle "EXT 2022"]
[Source "ChessBase"]
[SourceDate "2021.10.06"]
[SourceVersion "1"]
[SourceVersionDate "2021.10.06"]
[SourceQuality "1"]

1. e4 c5 2. Nf3 e6 3. d4 d5 4. exd5 exd5 5. dxc5 Bxc5 6. Nc3 Nf6 7. Bg5 Be6 8. Bd3 Nbd7 9. 0-0 0-0 10. Re1 h6 11. Bh4 g5 12. Bxg5 hxg5 13. Nxg5 Ng4 14. Nxe6 fxe6 15. Qxg4+ Kh8 16. Qh5+ Kg7 17. Qg6+ 1-0

[Event "Mecklenburg VP-ch U10"]
[Site "Malchow"]
[Date "2019.02.04"]
[Round "4.1"]
[White "Drechsler, Andor"]
[Black "Wellssow, Lio Keanu"]
[Result "1-0"]
[WhiteElo "1054"]
[BlackElo "1068"]
[PlyCount "105"]
[EventDate "2019.02.02"]
[EventType "swiss"]
[EventRounds "7"]
[EventCountry "GER"]
[SourceTitle "EXT 2022"]
[Source "ChessBase"]
[SourceDate "2021.10.06"]
[SourceVersion "1"]
[SourceVersionDate "2021.10.06"]
[SourceQuality "1"]

1. e4 c5 2. Nf3 e6 3. c3 d5 4. e5 c4 5. d3 b5 6. d4 b4 7. Be2 f6 8. 0-0 Nh6 9. Be3 Nf5 10. Bf4 Nc6 11. h3 Rb8 12. exf6 Rb6 13. fxg7 Bxg7 14. Qc2 b3 15. axb3 Rxb3 16. Nbd2 Rb5 17. Rfb1 0-0 18. Qa4 a5 19. Qxb5 Nfxd4 20. cxd4 Bd7 21. Qc5 Rxf4 22. g3 Bf8 23. Qb5 Nxd4 24. Qa6 Nxe2+ 25. Kf1 Nxg3+ 26. fxg3 Rf6 27. Qxa5 Qxa5 28. Rxa5 Bh6 29. Ke2 e5 30. Nxe5 Bxh3 31. Rxd5 Be6 32. Rd8+ Kg7 33. Ndxc4 Bxc4+ 34. Nxc4 Re6+ 35. Kd3 Rf6 36. Rg1 Rf3+ 37. Ke4 Rf2 38. b4 Re2+ 39. Kd3 Re7 40. b5 Bg5 41. Rc8 Rd7+ 42. Ke4 Bf6 43. Kf3 Rd3+ 44. Kg2 Rc3 45. Rb1 Rc2+ 46. Kh3 h5 47. b6 Rc3 48. b7 h4 49. b8Q Rxg3+ 50. Kh2 h3 51. Qxg3+ Bg5 52. Qxg5+ Kf7 53. Rb7+ 1-0

[Event "Mecklenburg VP-ch U10"]
[Site "Malchow"]
[Date "2019.02.03"]
[Round "3.1"]
[White "Wellssow, Lio Keanu"]
[Black "Peilert, Maximilian"]
[Result "1-0"]
[WhiteElo "1068"]
[BlackElo "964"]
[PlyCount "99"]
[EventDate "2019.02.02"]
[EventType "swiss"]
[EventRounds "7"]
[EventCountry "GER"]
[SourceTitle "EXT 2022"]
[Source "ChessBase"]
[SourceDate "2021.10.06"]
[SourceVersion "1"]
[SourceVersionDate "2021.10.06"]
[SourceQuality "1"]

1. c4 e5 2. e3 Nc6 3. d4 Bb4+ 4. Bd2 Bxd2+ 5. Qxd2 d6 6. d5 Nce7 7. Bd3 Nf6 8. e4 0-0 9. h3 Ng6 10. Nf3 c5 11. b4 Qb6 12. b5 Nf4 13. 0-0 Bd7 14. a4 a5 15. Kh2 h6 16. g3 Bxh3 17. gxf4 Bxf1 18. Bxf1 Qc7 19. Nc3 Qd7 20. f5 Kh7 21. Bh3 g5 22. fxg6+ fxg6 23. Bxd7 Nxd7 24. Kg2 Rf7 25. Rh1 g5 26. Nxg5+ Kg6 27. Nxf7 Kxf7 28. f4 Rg8+ 29. Kf3 Ke8 30. Rxh6 Kd8 31. Kf2 Rf8 32. Ne2 Nf6 33. Qxa5+ Ke8 34. Qa8+ Kf7 35. Qxb7+ Ke8 36. Rxf6 Rxf6 37. Kf3 Rf7 38. Qxf7+ Kxf7 39. b6 Ke7 40. b7 Kd7 41. b8Q Ke7 42. Qc7+ Ke8 43. Qxd6 Kf7 44. Qxe5 Kf8 45. d6 Kf7 46. d7 Kg6 47. Kg4 Kf7 48. Kg5 Kf8 49. Kg6 Kg8 50. d8R# 1-0

[Event "Mecklenburg VP-ch U10"]
[Site "Malchow"]
[Date "2019.02.02"]
[Round "1.2"]
[White "Wellssow, Lio Keanu"]
[Black "Lange, Richard"]
[Result "1-0"]
[WhiteElo "1068"]
[BlackElo "827"]
[PlyCount "65"]
[EventDate "2019.02.02"]
[EventType "swiss"]
[EventRounds "7"]
[EventCountry "GER"]
[SourceTitle "EXT 2022"]
[Source "ChessBase"]
[SourceDate "2021.10.06"]
[SourceVersion "1"]
[SourceVersionDate "2021.10.06"]
[SourceQuality "1"]

1. c4 c5 2. e3 e6 3. d4 Nc6 4. d5 Ne5 5. e4 Ng6 6. Nf3 Nf6 7. Nc3 b6 8. d6 Bxd6 9. Qxd6 Bb7 10. Bd3 Qe7 11. Nb5 Rc8 12. Bf4 a6 13. Qxe7+ Kxe7 14. Bd6+ Ke8 15. Nc7+ Kd8 16. Ne5 Nxe5 17. Bxe5 Rg8 18. Rd1 Ng4 19. Bg3 e5 20. Be2 Rxc7 21. Bxg4 Re8 22. f3 f6 23. 0-0 Re7 24. Rfe1 Bc6 25. f4 Rc8 26. fxe5 fxe5 27. Rf1 Re8 28. Bh4+ Kc7 29. Rf7 Kb8 30. Be7 Kb7 31. Bxd7 Bxd7 32. Rxd7+ Ka8 33. Bd6 1-0

[Event "GER-ch U25-C"]
[Site "Willingen"]
[Date "2018.05.21"]
[Round "3"]
[White "Wellssow, Lio Keanu"]
[Black "Trenkelbach, Cassian Karl"]
[Result "1-0"]
[WhiteElo "1004"]
[BlackElo "1076"]
[PlyCount "79"]
[EventDate "2018.05.19"]
[EventType "swiss"]
[EventRounds "9"]
[EventCountry "GER"]
[SourceTitle "CBM 184 Extra"]
[Source "ChessBase"]
[SourceDate "2018.06.28"]
[SourceVersion "1"]
[SourceVersionDate "2018.06.28"]
[SourceQuality "1"]

1. e4 e5 2. Nf3 Nc6 3. Nc3 Bc5 4. Bc4 Nf6 5. d4 Bxd4 6. Nxd4 Nxd4 7. Bg5 h6 8. Bh4 g5 9. Bg3 d6 10. h3 Be6 11. Bd5 Bxd5 12. exd5 Qd7 13. 0-0 Qf5 14. Re1 e4 15. Qxd4 c5 16. Qa4+ Qd7 17. Bxd6 Kd8 18. Z0 Re8 19. Z0 Re7 20. Z0 Ke8 21. Z0 Kf8 22. Z0 Kg8 23. Z0 Ree8 24. Z0 Rf8 25. Bxf8 Rxf8 26. Qxd7 Nxd7 27. d6 f5 28. g3 Re8 29. Rad1 b6 30. Nd5 Re6 31. Nc7 Re5 32. f4 gxf4 33. gxf4 h5 34. fxe5 Nxe5 35. d7 Nxd7 36. Rxd7 Kf8 37. Rf1 Kg8 38. Rxf5 Kh8 39. Ne6 Kg8 40. Rf8# 1-0

[Event "Mecklenburg VP-ch U10"]
[Site "Malchow"]
[Date "2018.02.07"]
[Round "6.1"]
[White "Ivanov, Alexander4444"]
[Black "Wellssow, Lio Keanu"]
[Result "1-0"]
[WhiteElo "1026"]
[BlackElo "1030"]
[PlyCount "45"]
[EventDate "2018.02.07"]
[EventType "swiss"]
[EventRounds "7"]
[EventCountry "GER"]
[SourceTitle "EXT 2022"]
[Source "ChessBase"]
[SourceDate "2021.10.06"]
[SourceVersion "1"]
[SourceVersionDate "2021.10.06"]
[SourceQuality "1"]

1. d4 d5 2. c4 Nf6 3. Nc3 dxc4 4. Nf3 Nc6 5. e4 e6 6. Be3 Be7 7. Bxc4 b6 8. 0-0 Bb7 9. Qd2 Ng4 10. d5 Nb4 11. a3 Na6 12. Bb5+ Kf8 13. Bd4 Qd6 14. e5 Qd8 15. Qf4 Nh6 16. dxe6 Bxf3 17. Qxf3 Nc5 18. Bxc5 Bxc5 19. exf7 Nxf7 20. e6 Qf6 21. Qxa8+ Ke7 22. Qf3 Qe5 23. Qxf7+ 1-0

[Event "Mecklenburg VP-ch U10"]
[Site "Malchow"]
[Date "2018.02.07"]
[Round "4.1"]
[White "Wellssow, Lio Keanu"]
[Black "Brandt, Mattis"]
[Result "1-0"]
[WhiteElo "1030"]
[BlackElo "1104"]
[PlyCount "161"]
[EventDate "2018.02.07"]
[EventType "swiss"]
[EventRounds "7"]
[EventCountry "GER"]
[SourceTitle "EXT 2022"]
[Source "ChessBase"]
[SourceDate "2021.10.06"]
[SourceVersion "1"]
[SourceVersionDate "2021.10.06"]
[SourceQuality "1"]

1. Nf3 d5 2. g3 Nc6 3. Bg2 e5 4. 0-0 Nf6 5. d3 Bf5 6. Nbd2 Bc5 7. Re1 0-0 8. b3 Ng4 9. Bb2 Bxf2+ 10. Kh1 Bxe1 11. Qxe1 Ne3 12. Qf2 Nxg2 13. Qxg2 e4 14. Ne5 Nxe5 15. Bxe5 f6 16. Bd4 Qe7 17. a3 c5 18. Bb2 Rfd8 19. Qf2 Bg6 20. Qf4 Qd6 21. Qxd6 Rxd6 22. Kg2 Rad8 23. a4 c4 24. Ba3 R6d7 25. dxc4 dxc4 26. Nxc4 Rd1 27. Rxd1 Rxd1 28. Kf2 a6 29. Ke3 Rh1 30. h4 Rg1 31. Kf4 f5 32. Bc5 Rc1 33. Ne3 b5 34. a5 Ra1 35. b4 Re1 36. Nxf5 Bxf5 37. Kxf5 Rxe2 38. Kf4 Kf7 39. Ke5 e3 40. Ke4 Rxc2 41. Kxe3 Ke6 42. Kd4 Rg2 43. Ba7 Rxg3 44. Kc5 Rg4 45. h5 Rh4 46. Kb6 Rxh5 47. Kxa6 g5 48. Kb6 g4 49. Bb8 Rg5 50. a6 Rg8 51. Kb7 Rg7+ 52. Kb6 Rg8 53. a7 g3 54. a8Q g2 55. Qc6+ Kf5 56. Qc5+ Ke4 57. Qg1 h5 58. Kxb5 Rxb8+ 59. Ka4 Rg8 60. b5 h4 61. b6 h3 62. b7 Rb8 63. Qa7 Rg8 64. b8Q Rxb8 65. Qh7+ Kd4 66. Qh4+ Kc5 67. Qf2+ Kc4 68. Qf4+ Kc3 69. Qg3+ Kc4 70. Qxb8 g1Q 71. Qb3+ Kc5 72. Qxh3 Qd1+ 73. Qb3 Qd4+ 74. Ka3 Qa1+ 75. Qa2 Qc1+ 76. Qb2 Qe3+ 77. Qb3 Qe4 78. Qc3+ Kd5 79. Qa5+ Kd6 80. Qd8+ Kc6 81. Qa8+ 1-0